Normal view MARC view

Entry Personal Name

Number of records used in: 2

001 - CONTROL NUMBER

  • control field: 57108

003 - CONTROL NUMBER IDENTIFIER

  • control field: dpl

005 - DATE AND TIME OF LATEST TRANSACTION

  • control field: 20230920131033.0

008 - FIXED-LENGTH DATA ELEMENTS

  • fixed length control field: 230920|| aca||aabn | a|a d

040 ## - CATALOGING SOURCE

  • Original cataloging agency: dpl
  • Transcribing agency: dpl

100 ## - HEADING--PERSONAL NAME

  • Personal name: Ramakrishna, G

670 ## - SOURCE DATA FOUND

  • Source citation: Work cat.: (dpl)198455: Ramakrishna, G., A Glimpse into the Bhagavadgeetha, 2023

© Delhi Public Library
Hit Counter
free hit counter